Transport und Handel schon in der Antike leistungsstark.

Predchodca dnešného spoločného trhu v Rímskej ríši. Výborná distribúcia rôznorodých výrobkov. Distribúcia a dopravné cesty v starom Ríme. Zabezpečenie informácií prostredníctvom míľnikov s textami.

Saved in:
Bibliographic Details
Main Author: Müller, R.
Format: Book Chapter
Language:German
Subjects:
Tags: Add Tag
No Tags, Be the first to tag this record!

MARC

LEADER 00000naa a2200000 4500
001 r012624
005 20220826093712.1
041 0 |a ger 
044 |a DE 
245 1 0 |a Transport und Handel schon in der Antike leistungsstark.  |c R. Müller 
520 |a Predchodca dnešného spoločného trhu v Rímskej ríši. Výborná distribúcia rôznorodých výrobkov. Distribúcia a dopravné cesty v starom Ríme. Zabezpečenie informácií prostredníctvom míľnikov s textami. 
610 2 0 |a Rímska ríša 
610 2 0 |a distribúcia 
610 2 0 |a doprava 
610 2 0 |a cesty 
610 2 0 |a informácie 
610 2 0 |a trh 
100 1 |a Müller, R.